List of best-selling Wii U video games - Statistics

General Stats
  • This quiz has been taken 269 times
  • The average score is 6 of 14
Answer Stats
Hint Answer % Correct
8 million Mario Kart 8
91%
5.19 million Super Mario 3D World
70%
5.45 million New Super Mario Bros. U
67%
4.99 million Super Smash Bros. for Wii U
59%
5.13 million[ Nintendo Land
55%
4.57 million Splatoon
54%
3.73 million Super Mario Maker
43%
1.94 million Mario Party 10
38%
2.74 million New Super Luigi U
25%
1.58 million Wii Party U
20%
1 million Hyrule Warriors
19%
1.98 million The Legend of Zelda: The Wind Waker HD
17%
1 million Pokkén Tournament
16%
1.37 million Yoshi's Woolly World
14%
No matching quizzes found
Score Distribution
Percent of People with Each Score
Percentile by Number Answered
Your Score History
You have not taken this quiz